000 00629nam a2200265Ia 4500
005 20260121164942.0
008 008 260114s9999 xx 000 0 eng d
020 _a9783540938040
037 _aEBOOK
040 _aCRL
040 _beng
040 _cCRL
041 _2eng
041 _aeng
084 _qCRL
100 _aHarald Ibach, Hans Lüth
_91045688
245 0 _aSolid-State Physics
260 _bSpringer
260 _bSpringer
260 _c2009
856 _uhttps://link.springer.com/openurl?genre=book&isbn=978-3-540-93804-0
942 _cEBOOK
999 _c1611411
_d1611411